عرض عادي
عرض مارك
- English literature
مدخل مصطلح موضوعي
001 - رقم الضبط
- حقل الضبط: 7636
003 - معرف رقم الضبط
- حقل الضبط: OSt
005 - تاريخ ووقت أخر عملية
- حقل الضبط: 20111210102936.0
008 - عناصر بيانات ثابتة الطول
- حقل تحكم ثابت الطول: 111210|||a|||||| | ||| d
040 ## - مصدر الفهرسة
- هيئة الفهرسة الأصلية: OSt
- وكالة الكتابة: OSt
150 ## - مدخل-- مصطلح تاريخي
- عنصر مدخل المصطلح الموضوعي او الاسم الجغرافي: English literature
- تقسيم فرعي تاريخي: Early modern, 1500-1700
- تفريع عام: History and criticism.
670 ## - بيانات المصدر موجوده
- الاستشهاد بالمصدر: Work cat.: (OSt)0: Vine, Angus Edmund. 7635, In defiance of time :, 2010.
